Дело о расчистке на пруду в саду Таврического дворца катка для катания на коньках их высочеств великих князей

Доступно только в Электронных читальных залах Найти на картеНа карте
RUSMARC
00003592nmc2a22002413x 450
001efca9f78-1d67-4e85-b8a5-d8ee71f9d21b
00520231031064721.0
100##$a20230526l18421842k l0rusy0189 ca
1010#$arus
102##$aRU
105##$ay###
1222#$ad
2001#$aДело о расчистке на пруду в саду Таврического дворца катка для катания на коньках их высочеств великих князей
$j18 ноября - 12 декабря 1842 г.
215##$a11 л.
$d36,5х26 см
251##$cДело
300##$aДело
371##$aДокумент не является опубликованным и широко распространяемым
461#0$1001625a9a7e-a890-4307-a7fe-826a2289a412
$12001
$aГоф-интенданская контора Министерства императорского двора
$1251
$cФонд
$1852
$j470
462#0$100125e66b51-3c16-4b83-8366-0bc94d92b1ed
$12001
$aОпись делам бывшей Гоф-интендантской конторы по Таврическому саду
$1251
$cОпись
$1852
$j2
$l131-565
801#0$aRU
$bРГИА
$c20230526
$gRCR
801#1$aRU
$bГлавНИВЦ
$c20230526
$2rusmarc
801#2$aRU
$bПБ им. Б.Н. Ельцина
$c20231031
$gRCR
$2rusmarc
850##$aРГИА
852##$aРГИА
$eФедеральное казенное учреждение "Российский государственный исторический архив" (РГИА)
$j99
937##$hРГИА
$d12400235
$aASBIBLIO_SCAN
035##$aRusGRCC00061290
856##$uhttp://readingroom.main.prlib.ru/item.aspx?id_node=n188501898&mode=full
Формат отображения